| 000 | 00000nam##2200000za#4500 |
| 001 | 9.698232 |
| 003 | CaOODSP |
| 005 | 20210624235833 |
| 007 | cr ||||||||||| |
| 008 | 150407|1924||||xxc|||||o f|0| 0 eng|d |
| 040 | |aCaOODSP|beng |
| 043 | |an-cn--- |
| 086 | 1 |aA22-577/1924E-PDF |
| 110 | 1 |aCanada.|bAgriculture Canada. |bDominion Experimental Farms. |
| 245 | 14|aThe organization, achievements and present work of the Experimental Farms |h[electronic resource] |
| 246 | 15|aThe organization, achievements and present work of the Dominion Experimental Farms |
| 260 | |aOttawa - Ontario : |bAgriculture Canada. |c1924. |
| 300 | |a308p.|bfigs., maps, photographs |
| 500 | |aHistorical publication digitized by Agriculture and Agri-Food Canada. |
| 590 | |a13-17-Supp|b2013-07-25 |
| 690 | 07|aAgriculture|2gcpds |
| 690 | 07|aFarming|2gcpds |
| 690 | 07|aFarmlands|2gcpds |
| 690 | 07|aScientific research|2gcpds |
| 775 | 08|tLes fermes expérimentales, ce qu'elles sont, ce qu'elles ont fait, ce qu'elles font |w(CaOODSP)9.641796 |
| 856 | 40|ahttp://publications.gc.ca|qPDF|s133 MB|uhttps://publications.gc.ca/collections/collection_2013/aac-aafc/agrhist/A22-577-1924-eng.pdf |